000 00318nam a22001457a 4500
003 SGT
020 _a978-93-84007-62-1
082 _a612.3
_bN15M
100 _aMITCHELL, MARY KAY
245 _aNUTRITION ACROSS THE LIFE SPAN
250 _a2ND
260 _aINDIA
_bMEDTECH
_c2015
300 _a608
942 _2ddc
_cBK
999 _c15868
_d15868